000 02558nam a22003497a 4500
999 _c21795
_d21795
003 AR-CdUCM
008 190425b ||||| |||| 00| 0 spa d
040 _aMUNICIPALIDAD PROVINCIAL DEL CUSCO
_cBIBLIOTECA MUNICIPAL DEL CUSCO
082 _aRev.IAAC/N°10/1960
110 _aInstituto Americano de Arte del Cuzco
_943770
245 _aRevista del Instituto Americano de Arte /
260 _aCusco :
_bH.G. Rozas,
_c1960.
300 _a210 [102] páginas. :
_bilustraciones, laminas ;
_c24 cm.
440 _aRevista del Instituto Americano de Arte Cuzco.
_nAño X, [?] semestre de 1960, N°10. Vol.[?]
_946134
505 _aContenido: Dos capítulos de la historia de la Universidad del Cuzco. -- Horacio Villanueva Urteaga. -- El Archivo de Indias de Sevilla. Manuel E. Cuadros. -- Dos inéditos de Túpac Amaru. Daniel Valcárcel. -- Evocando el pasado. Luis Felipe Paredes. -- Crónica de antaño. Una corrida de toros el año 1851. -- Música trágica. Policarpo Caballero. -- Ventanas y ventales cuzqueños, El Ajimez. -- Rafael Calderón Peñaylillo. -- Pasión hispanista de Archer Milton Hungtinton. Carlos Gregorio Taborga. -- Román Saavedra S. Rocas y Magueyes. -- Sobre el poeta César Vallejo. Román Saavedra. -- La ciudad del Paititi. Mario Gilt Contreras. -- La mujer andina y la Biblia. Jorge A. Lira. -- José Hernández padre de Martín Fierro. María del Carmen S. de Ferro. -- La vida y la obra de Francisco Olazo. Mariano Fuentes Lira. -- Una leyenda vernacular La Ñusta encantada de Pisac. -- Ciudad de piedra y oro. Julio G. Gutiérrez. -- Nuevo canto libertador al Cuzco. Luis Nieto Miranda. -- Un esquema de enfoque a la historia del arte. Rosa Julia Faccaro. -- XXIII Aniversario del Instituto homenaje a los socios fallecidos. -- Cabildos y Ayuntamientos del Cuzco y fundación del Hospital de Naturales. Jesús M. Covarrubias Pozo.
650 _aTradiciones cusqueñas
_931110
650 _aLiteratura cusqueña
_946110
650 _aPoetas cusqueños
_95956
650 _aArte cusqueño
_913165
650 _aArquitectura cusqueña
_930237
650 _aLibro de cabildos
_946135
650 _aParroquia de San Pedro
_946136
650 _aUniversidad Nacional de San Antonio Abad de Cusco
_946137
700 _aGutiérrez Loayza, Julio
_946116
700 _aNieto Mirando, Luis
_946131
700 _aCaballero Farfán, Policarpo
_913130
700 _aVillanueva Urteaga, Horacio
_95790
700 _aFuentes Lira, Mariano
_936631
700 _aCovarrubias Pozo, Jesús
_946044
942 _2ddc
_cPP
945 _arac